000 00653nam a22001817a 4500
003 OSt
005 20251030075945.0
008 251030b |||||||| |||| 00| 0 eng d
020 _a13: 978-0-07-282718-7.
040 _aDWCL-Main lib
_cOC
082 _28th ed.
_aCirc. 579 M842l 2006
100 _aMorello, Josephine A.
245 _aLaboratory manual and workbook in microbiology :
_bapplications to patient care 8th ed.
_cMorello, Josephine A.
260 _aBoston :
_bMcGraw-Hill Higher Education,
_cc2006.
300 _axiii, 290 pages :
_billustration (some colored) ;
_c27 cm.
650 _21. Microbiology.
942 _2ddc
_cBK-CIRC
_e8th ed.
_kCirc.
_n0
999 _c5359
_d5359